000 00677nam a2200253Ia 4500
003 OSt
005 20220928131437.0
006 a|||||r|||| 00| 0
007 ta
008 220927b |||||||| |||| 00| 0 eng d
024 _a67344
037 _cTextual
040 _aSDCL
_cSDCL
_beng
041 _2eng
_aeng
082 _aX652g, P5
100 _aFabozzi Frank J Ed.
_9364676
245 0 _aHandbook of fixed income securities
250 _a7
260 _aNew Delhi
_bTata McGraw-Hill Publishing
_c2005
300 _axxix,1495p
_ccm.
650 _aSecurities Market
942 _hX652g, P5
_cTEXL
_2CC
999 _c790652
_d790652